| 000 | 00487pab a2200181 454500 | ||
|---|---|---|---|
| 008 | 180718b2008 xxu||||| |||| 00| 0 eng d | ||
| 100 | _aBezbaruah, M.P. | ||
| 245 | _aExpanding Indo-Bangladesh trade relation: need to look beyond the merchandise trade | ||
| 260 | _c2008 | ||
| 300 | _ap.74-79. | ||
| 362 | _aOct-Dec | ||
| 650 | _aIndia - Commerce - Bangladesh | ||
| 650 | _aInternational trade | ||
| 700 | _aMahanta, Ratul | ||
| 773 | _aDialogue | ||
| 908 | _aN | ||
| 909 | _a80972 | ||
| 999 |
_c80972 _d80972 |
||